Państwa europejskie bez wilków - Statystyki

Ogólne statystyki
  • Ten quiz został rozwiązany 1 045 razy
  • Średni wynik to 9 z 14
Statystyki odpowiedzi
Kraj bez wilków % Poprawnych
Watykan
81%
Islandia
80%
Irlandia
78%
Wielka Brytania
78%
San Marino
74%
Liechtenstein
72%
Luksemburg
72%
Belgia
67%
Monako
67%
Holandia
65%
Malta
64%
Dania
61%
Austria
39%
Mołdawia
27%
Nie znaleziono quizów pasujących do podanych kryteriów
Rozkład punktacji
Procent ludzi z każdym wynikiem
Percentyl według liczby udzielonych odpowiedzi
Twoja historia wyników
Nie rozwiązałeś tego quizu